000 00897nam a22003490a 4500
001 PT57498
003 AR-LpoUNG
005 20210201010450.0
008 201001s2013||||ag |||||||||||||||||spa d
020 _a9789871741519
_c$1,80
040 _aAR-LpoUNG
_bspa
_eaacr
041 _aspa
044 _aag
082 0 _aA864 277rec
100 1 _aPas, Hernán
_eed.
245 1 3 _aEl recopilador :
_bMuseo Americano
250 _a1ra. ed.
260 _aBuenos Aires :
_bBiblioteca Nacional,
_c2013.
300 _a342 p. :
_bil.
_3Impreso
490 0 _aReediciones y antologías ;
_vno.23
650 4 _aARGENTINA
650 4 _aCULTURA POPULAR
650 4 _aENSAYO
650 4 _aIDENTIDAD CULTURAL
650 4 _aLITERATURA
650 4 _aPUBLICACIONES PERIODICAS
651 4 _aArgentina
653 _aGENERACION DEL 37
653 _aROMANTICISMO
905 _a57498
942 _cLIB
999 _c51403
_d51403